| 000 | 00740nab a2200241 a 4500 | ||
|---|---|---|---|
| 005 | 20210219161401.0 | ||
| 008 | 991125s1985 mx 000 0 spa u | ||
| 035 | _aUPN01000184124 | ||
| 100 | 1 | _aCriado, Ana María | |
| 100 | 1 | _uacriado@us.es | |
| 222 | _aINVESTIGACION EN LA ESCUELA | ||
| 245 | _aLas experiencias prácticas para el conocimiento del medio (natural y tecnológico) en la formación inicial de maestros | ||
| 260 | _aSevilla, España | ||
| 300 | _a73-88 | ||
| 362 | 0 | _a2011 No. 74 | |
| 653 | 0 | _aFORMACION DOCENTE | |
| 653 | 0 | _aEDUCACION CIENTIFICA | |
| 653 | 0 | _aINVESTIGACION | |
| 653 | 0 | _aAPRENDIZAJE | |
| 700 | 1 |
_aGarcía Carmona, Antonio, _ecoaut. |
|
| 700 | 1 | _ugarcia-carmona@us.es | |
| 905 | _aArticulo | ||
| 999 |
_c156227 _d156227 |
||